000 01593nam a22005297a 4500
001 0072387
003 KOHA_MİRAKIL
005 20260207005053.0
007 ta
008 241204b1972 tu |||gr||||#0|||1|tur |
020 _a3770506391
040 _aTR-BiSEU
_btur
_cTR-BiSEU
_erda
041 0 _atur
_ager
044 _ctu
050 _aP40
_b.S67 1972
245 0 _aSprache und gesellschaft/
_cPublished and introduced by Annamaria Rucktäschel.
264 1 _aMünchen :
_bWilhelm Fink Verlag
_c1972
300 _a405 pages; 19 cm.
336 _ametin
_btxt
_2rdacontent
337 _aaracısız
_bn
_2rdamedia
338 _acilt
_bnc
_2rdacarrier
490 1 _aUni-Taschenbücher ;
_v131
500 _aReferences are at the end of the chapter.
500 _aIncludeces index.
650 0 _aUnternehmen.
_9144196
650 0 _aSprache.
_9144217
650 0 _aDeutsch.
_9144218
650 0 _aPsycholinguistik.
_9144219
650 0 _aSoziolinguistik.
_9144220
650 0 _aArtikelsammlung.
_9144221
650 0 _aCompany.
_9126764
650 0 _aLanguage.
_976583
650 0 _aSociolinguistics.
_990303
650 0 _aGerman.
_9129271
650 0 _aPsycholinguistics.
_93262
650 0 _aSociolinguistics.
_990303
650 0 _aArticle collection.
_9144222
650 0 _aŞirket.
_9126761
650 0 _aDil.
_91577
650 0 _aAlmanca.
_932092
650 0 _aPsikodilbilim.
_946700
650 0 _aToplumdilbilim.
_9142273
650 0 _aMakale koleksiyonu.
_9144223
830 1 _aUni-Taschenbücher ;
_v131
_9144027
907 _aDil ve Edebiyat
942 _2lcc
_cBK
999 _c73142
_d73142